| 000 | 00623nam a22002417a 4500 | ||
|---|---|---|---|
| 005 | 20170124110112.0 | ||
| 010 | _a941059 | ||
| 020 | _c00.00 | ||
| 035 | _a850127 | ||
| 037 | _bCen Lib/Ret | ||
| 040 |
_aDPL _bEN |
||
| 082 |
_aS _bHOB |
||
| 100 |
_aHobson, Sarah _929342 |
||
| 245 |
_aFamily web : _cby Sarah Hobson _ba story of India / |
||
| 260 |
_aLondon _bJohn murray _c1978 |
||
| 270 |
_bLondon _a50 Albemarle street |
||
| 300 |
_axvii,284p. _c20cm(Hb) |
||
| 500 | _aIncludes glossary | ||
| 650 |
_aIndian literature _929343 |
||
| 650 |
_aNovel _922513 |
||
| 700 | _929201 | ||
| 942 |
_2ddc _cEN _hS _mHOB |
||
| 999 |
_c130491 _d130491 |
||